Crime and criminality : causes and consequences / Ronald D. Hunter, Mark L. Dantzker. (Record no. 20809)

000 -LEADER
fixed length control field 00663nam a2200193 4500
020 ## - INTERNATIONAL STANDARD BOOK NUMBER
ISBN 9781588267733
082 ## - DEWEY DECIMAL CLASSIFICATION NUMBER
Classification number 364
Item number H946 2012
100 ## - MAIN ENTRY--AUTHOR NAME
Personal name Hunter, Ronald D., author.
245 ## - TITLE STATEMENT
Title Crime and criminality : causes and consequences / Ronald D. Hunter, Mark L. Dantzker.
250 ## - EDITION STATEMENT
Edition statement Second edtition.
260 ## - PUBLICATION, DISTRIBUTION, ETC. (IMPRINT)
Place of publication Boulder, Colo. :
Name of publisher Lynne Rienner Publishers,
Year of publication ©2012.
300 ## - PHYSICAL DESCRIPTION
Number of Pages 1 online resource, xv, 277 pages :
Other physical details illustrations.
500 ## - GENERAL NOTE
General note Includes bibliographical references and index.
650 ## - SUBJECT ADDED ENTRY--TOPICAL TERM
Topical Term Criminal psychology.
650 ## - SUBJECT ADDED ENTRY--TOPICAL TERM
Topical Term Criminal behavior.
650 ## - SUBJECT ADDED ENTRY--TOPICAL TERM
Topical Term Criminology.
700 ## - ADDED ENTRY--PERSONAL NAME
Personal name Dantzker, Mark L., author.
942 ## - ADDED ENTRY ELEMENTS (KOHA)
Koha item type Electronic Books
Holdings
Source of acquisition Permanent Location Date acquired Collection code Koha item type Lost status Shelving location Withdrawn status Current Location Full call number
DonationCagayan State University - Carig Library2025-05-27E-BooksElectronic Books E-Resource Section Cagayan State University - Carig Library364 H946 2012

Cagayan State University University Library, Carig Campus
Tuguegarao City, Cagayan 3500 | www.csucarig.edu.ph

Powered by Koha